A German staff officer in India (Record no. 553052)

000 -LEADER
fixed length control field 00867cam a2200157K 4500
082 04 - DEWEY DECIMAL CLASSIFICATION NUMBER
Classification number 954.03
Author Mark KOE
100 1# - MAIN ENTRY--PERSONAL NAME
Personal name Königsmarck, Hans Adolf Erwein Max,
9 (RLIN) 50327
245 12 - TITLE STATEMENT
Title A German staff officer in India
Remainder of title being the impressions of an officer of the German general staff of his travels through the peninsula; with an epilogue specially written for the English ed.,
Statement of responsibility, etc. by Count Hans von Koenigsmarck ... Authorised translation by P.H. Oakley Williams, illustrated with photographs and drawings, by the author and others.
260 ## - PUBLICATION, DISTRIBUTION, ETC.
Place of publication, distribution, etc. London,
Name of publisher, distributor, etc. K. Paul, Trench, Trübner & Co.,
Date of publication, distribution, etc. 1910.
300 ## - PHYSICAL DESCRIPTION
Extent 1 online resource (xiv, 339 [1] p.)
Other physical details front., plates, ports.
526 ## - STUDY PROGRAM INFORMATION NOTE
Program name 0
Interest level 0
Reading level 0
Title point value 954_030000000000000_KOE
650 ## - SUBJECT ADDED ENTRY--TOPICAL TERM
Topical term or geographic name entry element MCE
9 (RLIN) 379
700 1# - ADDED ENTRY--PERSONAL NAME
Personal name Williams, P. H. Oakley.
9 (RLIN) 50328
856 40 - ELECTRONIC LOCATION AND ACCESS
Uniform Resource Identifier <a href="http://catalog.hathitrust.org/api/volumes/oclc/2155751.html">http://catalog.hathitrust.org/api/volumes/oclc/2155751.html</a>
942 ## - ADDED ENTRY ELEMENTS (KOHA)
Source of classification or shelving scheme
Koha item type Book
Holdings
Withdrawn status Lost status Source of classification or shelving scheme Damaged status Not for loan Permanent Location Current Location Shelving location Date acquired Total Checkouts Full call number Barcode Date last seen Price effective from Koha item type
          Military College of Engineering (MCE) Military College of Engineering (MCE)   01/29/2015   954.03 KOE MCE-ECG/27 01/29/2015 01/29/2015 Book
© 2023 Central Library, National University of Sciences and Technology. All Rights Reserved.